000 00724nam a2200253Ia 4500
003 OSt
005 20221006160604.0
006 a|||||r|||| 00| 0
007 ta
008 221006b |||||||| |||| 00| 0 eng d
024 _a45,559
037 _cSeries Articles
040 _aEASL
_cEASL
_beng
041 _2eng
_aeng
100 _aXiong Yihan
_9674270
245 0 _aBroken Ladder
_b Why education provide no Upward Mobbility for migrant children in China
260 _aCambridge
_bCambridge Univesity Press
_c2015
300 _a161-184 Pp.
_ccm.
490 _v221
650 _a China - Migrant Children
_9674271
650 _aChina
942 _cREF
_2CC
999 _c1113651
_d1113651